Las cercas caminaban /

Uloženo v:
Podrobná bibliografie
Hlavní autor: Iznaga, Alcides (autor)
Médium: Kniha
Jazyk:španělština
Témata:
Tagy: Přidat tag
Žádné tagy, Buďte první, kdo vytvoří štítek k tomuto záznamu!

MARC

LEADER 00000nam^a2200000^a^4500
001 000184546
005 20250521000000.0
009 20260310102119.56
037 |a Acervo ITESO - Biblioteca 
041 |a ESP 
082 |a 863.  |b IZN 
100 |a Iznaga, Alcides  |e (autor) 
245 1 4 |a Las cercas caminaban /  |c A. Iznaga. 
264 |a La Habana, Cuba :  |b Unión de Escritores y Artistas de Cuba,  |c 1970 
300 |a 188 p. 
336 |a texto  |b txt  |2 rdacontenido 
337 |a sin mediación  |b n  |2 rdamedio 
338 |a volumen  |b nc  |2 rdasoporte 
649 |a XX 
650 |a Novela Cubana 
650 |a Literatura Cubana -  |y Siglo XX 
910 |a Fondo General 
920 |a Impresos - Libros 
930 |a Colección General 
940 |a Literatura 
905 |a 101 
901 |a 0500125512  |b IT1  |c LIT  |u 20250521 
902 |a https://opac.biblio.iteso.mx/vufind/Record/000184546